书目信息 |
| 题名: |
私有经济在中国
|
|
| 作者: | 朱方明 著 | |
| 分册: | ||
| 出版信息: | 北京 中国城市出版社 1998 |
|
| 页数: | 16,476页 | |
| 开本: | 20cm | |
| 丛书名: | 新智囊 | |
| 单 册: | ||
| 中图分类: | F121.23 | |
| 科图分类: | ||
| 主题词: | 私营经济--研究--中国 , 私营经济 | |
| 电子资源: | ||
| ISBN: | 7-5074-1059-5 | |
| 000 | 00814oam2 2200253 450 | |
| 001 | 1141836379 | |
| 005 | 20111004113825.92 | |
| 010 | @a7-5074-1059-5@dCNY30 | |
| 100 | @a19990119d1998 kemy0chiy0110 ea | |
| 101 | 0 | @achi |
| 102 | @aCN@b110000 | |
| 105 | @ay z 000yy | |
| 200 | 1 | @a私有经济在中国@Asi you jing ji zai zhong guo@e私有经济嬗变的现实、困惑与趋势@f朱方明等著 |
| 210 | @a北京@c中国城市出版社@d1998 | |
| 215 | @a16,476页@d20cm | |
| 225 | 2 | @a新智囊@e中国经济新视野@v1 |
| 461 | 0 | @12001 @a新智囊 |
| 517 | 1 | @a私有经济嬗变的现实、困惑与趋势@Asi you jing ji shan bian de xian shi 、 kun huo yu qu shi |
| 606 | 0 | @a私营经济@x研究@y中国 |
| 606 | 0 | @a私营经济 |
| 690 | @aF121.23@v3 | |
| 701 | 0 | @a朱方明@Azhu fang ming@f(1962~)@4著 |
| 801 | 0 | @aCN@bNLC@c20101222 |
| 905 | @a10447@dF121.23@eJY29 | |
| 私有经济在中国:私有经济嬗变的现实、困惑与趋势/朱方明等著.-北京:中国城市出版社,1998 |
| 16,476页;20cm.-(新智囊:中国经济新视野;1) |
| ISBN 7-5074-1059-5:CNY30 |
| ● |
| 相关链接 |
|
|
|
|
正题名:私有经济在中国
索取号:F121.23/JY29
 
预约/预借
| 序号 | 登录号 | 条形码 | 馆藏地/架位号 | 状态 | 备注 |
| 1 | 7813500 | 278135000 | 学院路分馆/ [索取号:F121.23/JY29] | 在馆 | |
| 2 | 7813501 | 278135019 | 学院路分馆/ [索取号:F121.23/JY29] | 在馆 | |
| 3 | 7813502 | 278135028 | 学院路分馆/ [索取号:F121.23/JY29] | 在馆 | |
| 4 | 7813503 | 278135037 | 学院路分馆/ [索取号:F121.23/JY29] | 在馆 |